书目信息 |
| 题名: |
非均匀固体上的物理吸附
|
|
| 作者: | 加璐 , 程代云 , 王广昌 译 | |
| 分册: | ||
| 出版信息: | 北京 化学工业出版社 1997.12 |
|
| 页数: | 290页 | |
| 开本: | 32开 | |
| 丛书名: | ||
| 单 册: | ||
| 中图分类: | O522.3 | |
| 科图分类: | ||
| 主题词: | 高压物理学 , 高温物理学 | |
| 电子资源: | ||
| ISBN: | 7-5025-1985-8 | |
| 000 | 00678nam0 2200229 45 | |
| 001 | 0011160720 | |
| 005 | 20001116072944.8 | |
| 010 | @a7-5025-1985-8@d18.00元 | |
| 100 | @a20001116d1997 km y0chiy0120 ea | |
| 101 | 0 | @achi |
| 105 | @a z 000yy | |
| 200 | 1 | @a非均匀固体上的物理吸附@AFei Jun Yun Gu Ti Shang De Wu Li Xi Fu@f加璐,程代云,王广昌译@FJia Lu,Cheng Dai Yun,Wang Guang Chang Yi |
| 210 | @a北京@c化学工业出版社@d1997.12 | |
| 215 | @a290页@d32开 | |
| 606 | 0 | @a高压物理学 |
| 606 | 0 | @a高温物理学 |
| 690 | @aO522.3@v3 | |
| 701 | 0 | @a加璐@4译 |
| 701 | 0 | @a程代云@4译 |
| 701 | 0 | @a王广昌@4译 |
| 801 | @aCN@bPftUser@c20001116 | |
| 905 | @b410251-253@dO522.3@eJ583@f3 | |
| 非均匀固体上的物理吸附/加璐,程代云,王广昌译.-北京:化学工业出版社,1997.12 |
| 290页;32开 |
| ISBN 7-5025-1985-8:18.00元 |
| ● |
| 相关链接 |
|
|
|
正题名:非均匀固体上的物理吸附
索取号:O522.3/J583
 
预约/预借
| 序号 | 登录号 | 条形码 | 馆藏地/架位号 | 状态 | 备注 |
| 1 | 410251 | 204102513 | 自科库401/401自科库 59排4列2层/ [索取号:O522.3/J583] | 在馆 | |
| 2 | 410252 | 204102522 | 自科库401/401自科库 59排4列2层/ [索取号:O522.3/J583] | 在馆 | |
| 3 | 410253 | 204102531 | 自科库401/401自科库 59排4列2层/ [索取号:O522.3/J583] | 在馆 |